000
00316nam a2200121Ia 4500
008
190216s9999||||xx |||||||||||||| ||und||
100
_a
Panchenkov G M & Lebedev V P
245
0
_a
Chemical Kinetics And Catalysis
260
_b
Mir Publishers
_c
1976
300
_a
645p
650
_a
Chemistry-Chemistry
942
_c
BK
999
_c
2116
_d
2116